[Event "Hull 4NCL op-B"]
[Site "Hull"]
[Date "2023.09.09"]
[Round "3"]
[White "Nezis, Anastasios"]
[Black "Dukalev, Oleg"]
[Result "1-0"]
[WhiteElo "1909"]
[BlackElo "1504"]
[PlyCount "27"]
[EventDate "2023.09.08"]
[EventType "swiss"]
[EventRounds "5"]
[EventCountry "ENG"]
[SourceTitle "CBM 216 Extra"]
[Source "ChessBase"]
[SourceDate "2023.11.30"]
[SourceVersion "1"]
[SourceVersionDate "2023.11.30"]
[SourceQuality "1"]

1. e4 e5 2. Nf3 Nf6 3. d3 Nc6 4. g3 Bc5 5. Bg2 d6 6. 0-0 Bg4 7. c3 Qd7 8. Be3 Bxe3 9. fxe3 Bh3 10. Nh4 Bxg2 11. Kxg2 0-0-0 12. Nf5 Rhg8 13. Nxg7 Ng4 14. Nf5 1-0